[Event "World Rapid Women 2018"]
[Site "St Petersburg RUS"]
[Date "2018.12.28"]
[Round "12.21"]
[White "Sudakova, Irina"]
[Black "Mkrtchian, Lilit"]
[Result "1-0"]
[WhiteTitle "WGM"]
[BlackTitle "IM"]
[WhiteElo "2313"]
[BlackElo "2392"]
[WhiteFideId "4129903"]
[BlackFideId "13300601"]
[EventDate "2018.12.26"]

1. e4 e6 2. d4 d5 3. Bd3 c5 4. exd5 Qxd5 5. Nc3 Qxd4 6. Nf3 Qd8 7. Bf4 Nf6 8.
Qe2 Bd6 9. Bb5+ Ke7 10. Rd1 Bxf4 11. Rxd8 Rxd8 12. O-O b6 13. Ne4 Bb7 14. Nxf6
gxf6 15. Bd3 Nc6 16. g3 Bc7 17. Bxh7 Kf8 18. Be4 f5 19. Bd3 Nb4 20. Bc4 Ke7 21.
Ng5 Rd6 22. Qh5 Rf8 23. Nh7 Rd4 24. Nxf8 Rxc4 25. Nh7 Nxc2 26. Qg5+ Kd7 27. Nf6+
Kc6 28. Qg8 Be5 29. Qe8+ Kc7 30. Qxf7+ Kb8 31. Nd7+ 1-0

[Event "World Rapid Women 2018"]
[Site "St Petersburg RUS"]
[Date "2018.12.28"]
[Round "12.22"]
[White "Protopopova, Anastasiya"]
[Black "Ambartsumova, Karina"]
[Result "1/2-1/2"]
[WhiteTitle "WFM"]
[BlackTitle "WGM"]
[WhiteElo "2304"]
[BlackElo "2383"]
[WhiteFideId "24172073"]
[BlackFideId "4166299"]
[EventDate "2018.12.26"]

1. d4 Nf6 2. c4 d6 3. Nc3 e5 4. Nf3 e4 5. Nd2 Bf5 6. e3 c6 7. d5 Nbd7 8. Qc2 Qe7
9. dxc6 bxc6 10. Nb3 Ne5 11. f4 Nd3+ 12. Bxd3 exd3 13. Qd1 Ne4 14. Nxe4 Bxe4 15.
O-O g6 16. Bd2 Bg7 17. Qc1 O-O 18. Bc3 Rfe8 19. Bxg7 Kxg7 20. Qd2 Bf5 21. Rfe1
d5 22. Rac1 dxc4 23. Rxc4 Be4 24. Nc5 Bd5 25. Rc3 Rad8 26. e4 Be6 27. Nxd3 Qb7
28. Qc2 Qb6+ 29. Kh1 Qd4 30. Ne5 Rc8 31. Rd1 Qb6 32. Rxc6 Rxc6 33. Qxc6 Rc8 34.
Qxb6 axb6 35. a3 Bb3 36. Re1 Rc2 37. Nd3 Bc4 38. Ne5 Bb3 39. Nd3 Bc4 40. Ne5 Bb3
41. Kg1 Rxb2 42. Re3 Be6 43. Rc3 Re2 44. Nc4 Rxe4 45. Nxb6 Rxf4 46. g3 Rd4 47.
a4 Rd1+ 48. Kg2 Rd2+ 49. Kg1 Ra2 50. Rc5 h5 51. a5 Bh3 52. Nd5 Rg2+ 53. Kh1 Ra2
54. Kg1 Rg2+ 55. Kh1 Rf2 56. Rc1 Ra2 57. Nf4 Bf5 58. Rc5 Be4+ 59. Kg1 f6 60.
Rc7+ Kh6 61. Re7 Bf5 62. Rf7 Rxa5 63. Rxf6 Ra1+ 64. Kg2 Ra2+ 65. Kg1 Ra1+ 66.
Kg2 Be4+ 67. Kf2 Kg7 68. Re6 Ra2+ 69. Kg1 Bf5 70. Re2 Rxe2 1/2-1/2

[Event "World Rapid Women 2018"]
[Site "St Petersburg RUS"]
[Date "2018.12.28"]
[Round "12.23"]
[White "Tsolakidou, Stavroula"]
[Black "Berend, Elvira"]
[Result "0-1"]
[WhiteTitle "IM"]
[BlackTitle "WGM"]
[WhiteElo "2387"]
[BlackElo "2332"]
[WhiteFideId "4264312"]
[BlackFideId "4000510"]
[EventDate "2018.12.26"]

1. Nf3 Nf6 2. c4 g6 3. Nc3 Bg7 4. e4 d6 5. d4 O-O 6. h3 e5 7. d5 a5 8. Be3 Na6
9. Nd2 Qe8 10. g4 Nd7 11. a3 Nb6 12. Bd3 Bd7 13. Bc2 a4 14. Bxb6 cxb6 15. Nxa4
Qd8 16. Nc3 Bh6 17. Qe2 Nc5 18. Nf1 Bf4 19. Ne3 Na4 20. Ncd1 b5 21. cxb5 Qb6 22.
Bd3 Nc5 23. Nc3 Nb3 24. Rb1 Nd4 25. Qd1 Bxe3 26. fxe3 Nxb5 27. Bxb5 Bxb5 28.
Nxb5 Qxb5 29. Qe2 Qa4 30. Qd3 Rac8 31. O-O Qd7 32. Rf6 Qc7 33. Rbf1 Qb6 34. R1f2
Rc7 35. h4 Qa5 36. Kg2 Qe1 37. Rxd6 Rfc8 38. Qe2 Qb1 39. Qf3 Rf8 40. Rf6 Qd3 41.
h5 Rc2 42. hxg6 Rxf2+ 43. Kxf2 hxg6 44. Kg3 Qb1 45. Qg2 Rc8 46. Rf1 Qd3 47. Qf3
Rf8 48. Rh1 Kg7 49. g5 f5 50. gxf6+ Rxf6 51. Rh7+ Kxh7 52. Qxf6 Qxe3+ 53. Qf3
Qg1+ 54. Kh3 Qd4 55. Kh4 Qxb2 56. Kg5 Qd2+ 57. Kf6 Qf4+ 58. Qxf4 exf4 59. d6 f3
60. d7 f2 61. d8=Q f1=Q+ 62. Ke7 Qf4 63. Qd7 g5 64. Ke6+ Kh6 65. e5 g4 66. Qe8
g3 67. Qh8+ Kg5 68. Ke7 Kg4 69. Qg7+ Qg5+ 70. Kf7 Qxg7+ 71. Kxg7 Kf5 0-1

[Event "World Rapid Women 2018"]
[Site "St Petersburg RUS"]
[Date "2018.12.28"]
[Round "12.24"]
[White "Michna, Marta"]
[Black "Solozhenkina, Elizaveta"]
[Result "1/2-1/2"]
[WhiteTitle "WGM"]
[BlackTitle "WIM"]
[WhiteElo "2333"]
[BlackElo "2258"]
[WhiteFideId "1106686"]
[BlackFideId "34106615"]
[EventDate "2018.12.26"]

1. Nf3 Nf6 2. d3 d5 3. g3 g6 4. Bg2 Bg7 5. O-O O-O 6. c3 c5 7. Qc2 Nc6 8. e4 e6
9. a4 b6 10. Na3 Bb7 11. Re1 h6 12. Bf4 a6 13. Rad1 Rc8 14. e5 Nh7 15. h4 g5 16.
hxg5 hxg5 17. Bc1 Re8 18. Qe2 f6 19. exf6 Bxf6 20. Nc2 Rc7 21. Nh2 Bg7 22. Qh5
Ne5 23. Ne3 Rf7 24. d4 cxd4 25. cxd4 Nc6 26. Neg4 Qd7 27. Nf3 Rf5 28. Qg6 Nf8
29. Nh6+ Kh8 30. Qxe8 Qxe8 31. Nxf5 Qd7 32. Nxg7 Kxg7 33. Nxg5 Ne7 34. Bh3 Qxa4
35. Nxe6+ Nxe6 36. Bxe6 Qb3 37. Bg5 Nc6 38. Bd7 a5 39. Bxc6 Bxc6 40. Rc1 Bb5 41.
Rc7+ Kg6 42. Bc1 Qb4 43. Rce7 Qxd4 44. Bf4 Bd3 45. R1e6+ Kf5 46. Be3 Qxb2 47. f3
Qb1+ 48. Kh2 Qc2+ 49. Kh1 Qd1+ 50. Kg2 Bf1+ 51. Kg1 Bd3+ 52. Kg2 Qe2+ 53. Kg1
Qf1+ 54. Kh2 Qe2+ 55. Kg1 Qd1+ 56. Kh2 Qc2+ 57. Kg1 Qd1+ 1/2-1/2

[Event "World Rapid Women 2018"]
[Site "St Petersburg RUS"]
[Date "2018.12.28"]
[Round "12.25"]
[White "Tokhirjonova, Gulrukhbegim"]
[Black "Kabanova, Ekaterina"]
[Result "1-0"]
[WhiteTitle "WGM"]
[BlackTitle "WFM"]
[WhiteElo "2444"]
[BlackElo "2095"]
[WhiteFideId "14203626"]
[BlackFideId "24112917"]
[EventDate "2018.12.26"]

1. e4 c5 2. Nf3 e6 3. d4 cxd4 4. Nxd4 a6 5. c4 Qc7 6. Nc3 b6 7. Be2 Bb7 8. Be3
d6 9. O-O Nf6 10. f3 Nbd7 11. Qd2 Be7 12. Rac1 Rc8 13. b4 O-O 14. Na4 Rfe8 15.
Rc2 Qb8 16. Rb1 Qc7 17. Qc1 h6 18. Kh1 Nh5 19. Nb2 Qd8 20. Nd3 Nhf6 21. a4 Ba8
22. Nb3 d5 23. exd5 exd5 24. c5 bxc5 25. bxc5 Bc6 26. Qa3 Bf8 27. Bd4 Nh5 28. f4
Nhf6 29. Nb4 Ne4 30. Bxa6 Qh4 31. Qc1 Bxa4 32. Bxc8 Bxb3 33. Rxb3 Ndxc5 34. Rh3
Qd8 35. Bf5 Ne6 36. Nc6 Qa8 37. Bxe4 Nxd4 38. Nxd4 Rxe4 39. Rd3 Qa4 40. Nf3 Qb5
41. Rd1 Bd6 42. Qb1 Qa6 43. Qa2 Qxa2 44. Rxa2 Rxf4 45. Rxd5 Bc7 46. Rd7 Bb6 47.
Rb2 Bc5 48. Rb8+ Kh7 49. Rbb7 Kg8 50. h4 Bf2 51. Kh2 g5 52. hxg5 hxg5 53. Nxg5
Rh4+ 54. Nh3 Rh7 55. g4 Be3 56. Kg2 Bc1 57. Nf2 Bf4 58. Ne4 Be5 59. g5 Rh2+ 60.
Kf3 Kg7 61. Rxf7+ Kg6 62. Rfe7 Bd4 63. Kg4 Rg2+ 64. Ng3 Bf6 65. gxf6 Kxf6 66.
Rec7 Ke5 67. Rc4 Kd5 68. Ra4 Kc5 69. Rh7 Kb5 70. Rf4 Kc6 71. Rh5 Kd7 72. Rf6 Ke7
73. Ra6 1-0

[Event "World Rapid Women 2018"]
[Site "St Petersburg RUS"]
[Date "2018.12.28"]
[Round "12.26"]
[White "Paramzina, Anastasya"]
[Black "Bivol, Alina"]
[Result "1-0"]
[WhiteTitle "WGM"]
[BlackTitle "WGM"]
[WhiteElo "2229"]
[BlackElo "2393"]
[WhiteFideId "4165012"]
[BlackFideId "4100123"]
[EventDate "2018.12.26"]

1. e4 e6 2. d4 d5 3. Nd2 Be7 4. Ngf3 Nf6 5. e5 Nfd7 6. Bd3 c5 7. c3 Nc6 8. O-O
Qb6 9. a3 cxd4 10. cxd4 Nxd4 11. Qa4 Nc6 12. Qg4 g6 13. Re1 a5 14. Nb1 Bc5 15.
Qh4 Nd4 16. Nxd4 Bxd4 17. Nc3 Bc5 18. Na4 Qd8 19. Qg3 Be7 20. Bh6 Bf8 21. Bg5
Be7 22. Bh6 Bf8 23. Qf4 Rg8 24. Bxf8 Nxf8 25. Rac1 Bd7 26. Nc5 Bc6 27. b4 Nd7
28. b5 Nxc5 29. Rxc5 Bd7 30. Rec1 g5 31. Qd4 Qe7 32. Rc7 Qxa3 33. Qb6 Rd8 34.
Bf1 Kf8 35. Qxb7 Kg7 36. R1c3 Qe7 37. b6 Qe8 38. Qa6 Ra8 39. Qd3 a4 40. b7 Rb8
41. Qa6 Qe7 42. Qa7 Qe8 43. Qc5 Rd8 44. Qb6 d4 45. Rg3 h6 46. h4 Kh8 47. hxg5
hxg5 48. Qxd4 Bb5 49. Qg4 Rg7 50. Qh5+ Kg8 51. Rxg5 Bxf1 52. Rxg7+ Kxg7 53. Qg5+
Kh7 54. Qh5+ Kg7 55. Qg5+ Kh7 56. Qf6 Kg8 57. Qxd8 1-0

[Event "World Rapid Women 2018"]
[Site "St Petersburg RUS"]
[Date "2018.12.28"]
[Round "12.27"]
[White "Zhukova, Natalia"]
[Black "Nebolsina, Vera"]
[Result "1/2-1/2"]
[WhiteTitle "GM"]
[BlackTitle "WGM"]
[WhiteElo "2377"]
[BlackElo "2242"]
[WhiteFideId "14101513"]
[BlackFideId "4163591"]
[EventDate "2018.12.26"]

1. c4 e5 2. Nc3 Nc6 3. Nf3 Bc5 4. e3 d6 5. a3 a6 6. d4 exd4 7. exd4 Ba7 8. Bg5
Nge7 9. Qd2 Bg4 10. Be2 Bxf3 11. Bxf3 Nxd4 12. Bd1 h6 13. Be3 Nef5 14. Bxd4 Nxd4
15. O-O O-O 16. Ne2 Qf6 17. Nxd4 Bxd4 18. Rb1 b5 19. Bf3 Rab8 20. b3 c5 21. Bd5
Rfe8 22. Qd3 Re5 23. b4 Rbe8 24. bxc5 dxc5 25. Bf3 Qd6 26. Qb3 Rb8 27. cxb5 axb5
28. a4 c4 29. Qc2 Qe6 30. axb5 Rexb5 31. Rbd1 Rb2 32. Qa4 Bc5 33. Bd5 Qf6 34.
Qxc4 Bb6 35. Bf3 Ba7 36. Rd7 Bb6 37. Rxf7 Qd4 38. Bd5 Qxc4 39. Bxc4 Kh8 40. g3
Rd8 41. Kg2 Rdd2 42. h4 Bd4 43. h5 Rb8 44. Rb1 Rd8 45. Rbb7 Bf6 46. Rfc7 Rf8 47.
Rf7 Rfd8 48. Rb5 Rc2 49. Be6 Re2 50. Bc4 Rc2 51. Bb3 Rb2 52. Rbb7 Rbd2 53. Bc4
R2d4 54. Be6 R4d6 55. Bb3 Rd2 56. Be6 R2d6 57. Bf5 Rd2 58. Bg6 Kg8 59. Bf5 R2d6
60. Bc2 Rd2 61. Bb3 Kh8 62. Be6 R2d6 63. Bf5 Kg8 64. Rfc7 Rd2 65. Be6+ Kh8 66.
Rf7 R2d6 67. Bc4 1/2-1/2

[Event "World Rapid Women 2018"]
[Site "St Petersburg RUS"]
[Date "2018.12.28"]
[Round "12.28"]
[White "Romanovskaya, Anna"]
[Black "Petrova, Irina"]
[Result "1-0"]
[WhiteTitle "WFM"]
[BlackTitle "WIM"]
[WhiteElo "2210"]
[BlackElo "2124"]
[WhiteFideId "4164725"]
[BlackFideId "14124122"]
[EventDate "2018.12.26"]

1. e4 d6 2. f4 g6 3. Nf3 Bg7 4. Nc3 c5 5. Bb5+ Bd7 6. a4 Nc6 7. d3 e6 8. O-O
Nge7 9. Qe1 Nd4 10. Nxd4 cxd4 11. Ne2 Bxb5 12. axb5 Qb6 13. f5 gxf5 14. Ng3 fxe4
15. Nxe4 Be5 16. Qh4 f5 17. Ng5 Kd7 18. Nf7 Rhg8 19. Bg5 Rg7 20. Nxe5+ dxe5 21.
Bf6 Rf7 22. Bxe5 Qxb5 23. Bxd4 a6 24. c4 Qc6 25. Rae1 Rg8 26. Re2 Qd6 27. Be5
Qxd3 28. Rfe1 Kc8 29. Bc3 f4 30. Qh5 Rff8 31. Qc5+ Nc6 32. Rxe6 Qf3 33. Qf2 Qg4
34. Rxc6+ bxc6 35. Be5 Kb7 36. Qd2 c5 37. Qd5+ Kb6 38. Qd6+ Kb7 39. Qc7+ Ka8 40.
Qc6+ Ka7 41. Bd6 Rf7 42. Bxc5+ Kb8 43. Re8+ Rxe8 44. Qxe8+ Qc8 45. Bd6+ Kb7 46.
Qxf7+ Kc6 47. Qd5+ Kd7 48. Bxf4+ Ke8 49. Qg8+ Kd7 50. Qxc8+ 1-0

[Event "World Rapid Women 2018"]
[Site "St Petersburg RUS"]
[Date "2018.12.28"]
[Round "12.29"]
[White "Mamedjarova, Turkan"]
[Black "Shvayger, Yuliya"]
[Result "0-1"]
[WhiteTitle "WGM"]
[BlackTitle "IM"]
[WhiteElo "2295"]
[BlackElo "2393"]
[WhiteFideId "13402005"]
[BlackFideId "14100126"]
[EventDate "2018.12.26"]

1. d4 Nf6 2. Nf3 g6 3. g3 Bg7 4. Bg2 O-O 5. O-O d6 6. c4 Nc6 7. Nc3 a6 8. e4 Rb8
9. Qe2 Bg4 10. Rd1 Nd7 11. Be3 e5 12. dxe5 Ndxe5 13. Nd5 f5 14. Bf4 Bxf3 15.
Bxf3 Nd4 16. Rxd4 Nxf3+ 17. Qxf3 Bxd4 18. exf5 Rxf5 19. Qe4 Be5 20. g4 Rf7 21.
Bxe5 dxe5 22. Qxe5 c6 23. Nc3 Qc7 24. Qxc7 Rxc7 25. Rd1 Re8 26. Kg2 Ree7 27.
Rd8+ Kg7 28. h4 Rcd7 29. Rc8 Rd4 30. Kg3 Rxc4 31. f3 Rd4 32. Ne4 Rd3 33. Kg2 Rf7
34. Nc5 Rd2+ 35. Kg3 Rxb2 36. g5 Re2 37. Ne4 Re3 38. Nf6 Rxf6 39. gxf6+ Kxf6 40.
Kf4 Re7 41. a4 Ke6 42. Kg5 Rf7 43. Re8+ Kd6 44. f4 b5 45. a5 Kc5 46. Ra8 Kb4 47.
Rxa6 c5 48. Ra8 c4 49. a6 c3 50. a7 Kb3 51. h5 c2 52. Rc8 Rxa7 53. hxg6 hxg6 54.
Kxg6 b4 55. f5 Kb2 0-1

[Event "World Rapid Women 2018"]
[Site "St Petersburg RUS"]
[Date "2018.12.28"]
[Round "12.30"]
[White "Vo, Thi Kim Phung"]
[Black "Kovanova, Baira"]
[Result "0-1"]
[WhiteTitle "WGM"]
[BlackTitle "WGM"]
[WhiteElo "2352"]
[BlackElo "2352"]
[WhiteFideId "12401838"]
[BlackFideId "4164083"]
[EventDate "2018.12.26"]

1. d4 Nf6 2. c4 e6 3. Nc3 Bb4 4. Qc2 O-O 5. Nf3 d6 6. e4 e5 7. d5 Bxc3+ 8. bxc3
Nbd7 9. Bd3 h6 10. Nd2 Nh5 11. g3 Nc5 12. Nb3 Nxd3+ 13. Qxd3 f5 14. f3 fxe4 15.
Qxe4 Bh3 16. Nd2 Qf6 17. Rg1 Rae8 18. Ba3 Bf5 19. Qe3 e4 20. f4 Bg4 21. c5 b6
22. cxb6 axb6 23. Nb3 Qf7 24. c4 b5 25. cxb5 Qxd5 26. Nd4 Nf6 27. Bb2 Bd7 28. a4
Ra8 29. Qb3 Rfb8 30. Qc3 e3 31. Nc2 e2 32. Ne3 Qe4 33. a5 Bxb5 34. g4 Bd3 35.
Bc1 d5 36. Ra3 Rb1 37. Kd2 Ba6 38. Qc2 d4 39. Qxe4 Nxe4+ 40. Kc2 Rab8 41. Nf5
d3+ 42. Rxd3 Bxd3+ 43. Kxd3 Nc5+ 44. Kxe2 Re8+ 45. Kf3 Nb3 46. Rd1 Rxc1 47. Rd7
Rc3+ 48. Kf2 Nxa5 49. Rxg7+ Kf8 50. Rh7 Re4 51. Nxh6 Rxf4+ 52. Kg2 Rb4 53. Rf7+
Ke8 54. Rf2 Nc6 55. h3 Ne7 56. Re2 Rbc4 57. Re1 Kf8 58. Rf1+ Kg7 59. g5 Rc2+ 60.
Kg3 R4c3+ 61. Kf4 Rxh3 62. Kg4 Rxh6 63. gxh6+ Kxh6 64. Re1 Ng6 65. Rd1 c5 66.
Kf5 Ne7+ 67. Kf6 Ng8+ 68. Ke5 Kg6 69. Ke6 Nh6 70. Rg1+ Kh5 71. Kd5 Ng4 72. Ra1
Kg5 73. Ke4 Nf6+ 74. Kd3 Rf2 75. Ra5 Nd7 76. Ra7 Rf7 77. Kc3 Kf6 78. Ra1 Ke6 79.
Kc4 Rf4+ 80. Kc3 Kd5 81. Rd1+ Rd4 82. Ra1 Ne5 83. Ra8 Rd3+ 84. Kc2 c4 85. Rd8+
Kc5 86. Rh8 Nc6 87. Rc8 Kb5 88. Kb2 Rh3 89. Rc7 c3+ 90. Ka3 Nd4 91. Rc8 c2+ 92.
Kb2 Rh1 93. Rc7 Rb1+ 94. Ka2 Rb4 95. Rc8 Rc4 96. Rb8+ Ka6 97. Ra8+ Kb7 98. Rh8
Rc7 99. Rh4 Ne2 100. Rb4+ Kc8 101. Re4 c1=Q 102. Re8+ Kd7 0-1

[Event "World Rapid Women 2018"]
[Site "St Petersburg RUS"]
[Date "2018.12.28"]
[Round "12.31"]
[White "Gritsayeva, Oksana"]
[Black "Vasilevich, Irina"]
[Result "0-1"]
[WhiteTitle "WFM"]
[BlackTitle "IM"]
[WhiteElo "2378"]
[BlackElo "2258"]
[WhiteFideId "14104652"]
[BlackFideId "4141296"]
[EventDate "2018.12.26"]

1. e4 c5 2. d3 Nc6 3. Be2 g6 4. f4 Bg7 5. Nf3 d6 6. c3 Nf6 7. O-O O-O 8. Qe1 c4
9. Nbd2 cxd3 10. Bxd3 b5 11. a3 Bb7 12. h3 a5 13. Nb3 b4 14. cxb4 axb4 15. a4
Nd7 16. Qe2 Na5 17. Nxa5 Qxa5 18. Be3 Nc5 19. Bxc5 Qxc5+ 20. Kh2 Bh6 21. g3 b3
22. Rfc1 Qb6 23. Nd2 e5 24. a5 Rxa5 25. Nc4 Rxa1 26. Rxa1 Qd4 27. Na5 exf4 28.
Nxb7 fxg3+ 29. Kg2 d5 30. Na5 dxe4 31. Bxe4 Re8 32. Re1 Rxe4 0-1

[Event "World Rapid Women 2018"]
[Site "St Petersburg RUS"]
[Date "2018.12.28"]
[Round "12.32"]
[White "Styazhkina, Anna"]
[Black "Dordzhieva, Dinara"]
[Result "1/2-1/2"]
[WhiteTitle "WIM"]
[BlackTitle "WIM"]
[WhiteElo "2274"]
[BlackElo "2340"]
[WhiteFideId "24119300"]
[BlackFideId "24157570"]
[EventDate "2018.12.26"]

1. e4 c5 2. Nf3 d6 3. d4 cxd4 4. Qxd4 Nc6 5. Bb5 Bd7 6. Qd3 a6 7. Bxc6 Bxc6 8.
c4 Nf6 9. Nc3 g6 10. O-O Bg7 11. Rd1 O-O 12. Be3 Nd7 13. Bd4 Bxd4 14. Nxd4 Nc5
15. Qe2 Bd7 16. e5 dxe5 17. Qxe5 Rc8 18. b4 Ne6 19. Nxe6 fxe6 20. Rd4 Qc7 21.
Qe3 Rcd8 22. Rh4 Rf7 23. Re1 Rdf8 24. Ne4 Qe5 25. f3 Rf4 26. Rxf4 Rxf4 27. g3
Rf8 28. Nc5 Qxe3+ 29. Rxe3 Bc6 30. Kf2 e5 31. Ke2 Rd8 32. Ne6 Rd6 33. Rxe5 Kf7
34. Ng5+ Kf6 35. f4 h6 36. c5 Rd4 37. Re6+ Kf5 38. Re5+ Kf6 39. Re6+ Kf5 40.
Re5+ Kf6 41. Re6+ 1/2-1/2

[Event "World Rapid Women 2018"]
[Site "St Petersburg RUS"]
[Date "2018.12.28"]
[Round "12.33"]
[White "Dumcheva, Julia"]
[Black "Haussernot, Cecile"]
[Result "1-0"]
[WhiteTitle "WFM"]
[BlackTitle "WIM"]
[WhiteElo "2168"]
[BlackElo "2196"]
[WhiteFideId "24143375"]
[BlackFideId "601632"]
[EventDate "2018.12.26"]

1. e4 c5 2. Nc3 Nc6 3. Bb5 Nd4 4. Nf3 a6 5. Bc4 e6 6. Nxd4 cxd4 7. Ne2 b5 8. Bb3
Bc5 9. d3 Ne7 10. O-O O-O 11. f4 f5 12. Ng3 Bb7 13. Kh1 Kh8 14. Qh5 Qe8 15. Qxe8
Raxe8 16. Bd2 fxe4 17. Nxe4 Rf5 18. g4 Rf6 19. Kg1 Bxe4 20. dxe4 Rg6 21. g5 d3+
22. Kg2 dxc2 23. Rac1 d5 24. Rxc2 Bb6 25. Bb4 h6 26. Bxe7 Rxe7 27. h4 hxg5 28.
Rc8+ Kh7 29. hxg5 1-0

[Event "World Rapid Women 2018"]
[Site "St Petersburg RUS"]
[Date "2018.12.28"]
[Round "12.34"]
[White "Chernyak, Viktoria"]
[Black "Tomilova, Elena"]
[Result "1/2-1/2"]
[WhiteTitle "WFM"]
[BlackTitle "WIM"]
[WhiteElo "2186"]
[BlackElo "2338"]
[WhiteFideId "24165956"]
[BlackFideId "4162340"]
[EventDate "2018.12.26"]

1. c4 c6 2. d4 d5 3. Nf3 Nf6 4. Qc2 dxc4 5. Qxc4 Bg4 6. e3 Nbd7 7. Be2 e6 8. b3
Be7 9. O-O O-O 10. Bb2 Rc8 11. Nbd2 Nd5 12. Ne4 N7f6 13. Nxf6+ Bxf6 14. h3 Bh5
15. Qc2 Qa5 16. Ne5 Bxe2 17. Qxe2 Rfd8 18. Nc4 Qc7 19. Rac1 g6 20. a3 Nb6 21. b4
Nxc4 22. Rxc4 e5 23. dxe5 Bxe5 24. Rfc1 a6 25. Bxe5 Qxe5 26. Rf4 Rd7 27. g3 Rcd8
28. Qc4 h5 29. h4 Qb2 30. a4 Qxc1+ 31. Qxc1 Rd1+ 32. Qxd1 Rxd1+ 33. Kg2 Kf8 34.
Kf3 Ke7 35. Rc4 Kd6 36. Kf4 b5 37. axb5 axb5 38. Rc2 Rb1 39. Rd2+ Ke6 40. Rd4
Rc1 41. Ke4 Rc2 42. f4 f5+ 43. Kf3 Rc4 44. Ke2 Rc2+ 45. Kf3 Rc3 46. Ke2 Rc2+ 47.
Kf3 c5 48. bxc5 Rxc5 49. Rd8 b4 50. Rb8 Rc4 51. Rb6+ Kf7 52. Rb7+ Kf6 53. Rb6+
Kf7 54. Rb7+ Kf6 1/2-1/2

[Event "World Rapid Women 2018"]
[Site "St Petersburg RUS"]
[Date "2018.12.28"]
[Round "12.35"]
[White "Guseva, Marina"]
[Black "Sviridova, Vlada"]
[Result "1-0"]
[WhiteTitle "IM"]
[BlackTitle "WFM"]
[WhiteElo "2408"]
[BlackElo "2144"]
[WhiteFideId "4149351"]
[BlackFideId "24109606"]
[EventDate "2018.12.26"]

1. d4 d5 2. c4 c6 3. Nc3 Nf6 4. e3 e6 5. Nf3 Nbd7 6. Bd3 dxc4 7. Bxc4 b5 8. Bd3
Bd6 9. O-O O-O 10. b3 a6 11. a4 Bb7 12. Bb2 Qe7 13. Qc2 Rac8 14. Qe2 Rfe8 15.
axb5 cxb5 16. e4 e5 17. d5 Rc7 18. Nd1 Rec8 19. Ne3 g6 20. Nd2 Nh5 21. g3 Nhf6
22. Rad1 Nc5 23. Bb1 a5 24. Rfe1 Ba6 25. Qf3 a4 26. bxa4 Nxa4 27. Ba1 b4 28. Nb3
Nc3 29. Bxc3 Rxc3 30. Na5 Bb5 31. Nb7 R8c7 32. Nxd6 Qxd6 33. Kg2 b3 34. g4 Kg7
35. g5 Nh5 36. Qxh5 gxh5 37. Nf5+ Kg6 38. Nxd6 Bd7 39. Rd3 Rxd3 40. Bxd3 Rc3 41.
Nc4 Kxg5 42. Nb2 h4 43. h3 Kf6 44. Re3 Ke7 45. Bc4 Rc2 46. Rxb3 f5 47. Bd3 Rc5
48. exf5 Rxd5 49. Be4 Rd4 50. Kf3 Bxf5 51. Bxf5 Rf4+ 52. Kg2 Rxf5 53. Rb7+ Ke6
54. Rxh7 Rf4 55. Nd3 Rd4 56. Ne1 Rd1 57. Nf3 e4 58. Nxh4 Rd2 59. Rh6+ Ke5 60.
Rh8 Rd3 61. Re8+ Kf4 62. Ng6+ Kf5 63. Ne5 Rc3 64. Ng4 Rc7 65. Ne3+ 1-0

[Event "World Rapid Women 2018"]
[Site "St Petersburg RUS"]
[Date "2018.12.28"]
[Round "12.36"]
[White "Atalik, Ekaterina"]
[Black "Molchanova, Tatjana"]
[Result "1-0"]
[WhiteTitle "IM"]
[BlackTitle "WGM"]
[WhiteElo "2447"]
[BlackElo "2245"]
[WhiteFideId "4130189"]
[BlackFideId "4132203"]
[EventDate "2018.12.26"]

1. Nf3 Nf6 2. c4 e6 3. e3 d5 4. b3 c6 5. Bb2 Nbd7 6. Nc3 e5 7. d4 e4 8. Nd2 Bb4
9. Be2 O-O 10. Qc2 Qe7 11. O-O-O Ba3 12. h3 Bxb2+ 13. Kxb2 a5 14. g4 Nb6 15. c5
Nbd7 16. g5 Ne8 17. f3 exf3 18. Nxf3 Qxe3 19. Rde1 Qf4 20. Rhf1 b6 21. Bd3 bxc5
22. Bxh7+ Kh8 23. Ne5 Qh4 24. Nxf7+ 1-0

[Event "World Rapid Women 2018"]
[Site "St Petersburg RUS"]
[Date "2018.12.28"]
[Round "12.37"]
[White "Badelka, Olga"]
[Black "Buksa, Nataliya"]
[Result "0-1"]
[WhiteTitle "WIM"]
[BlackTitle "IM"]
[WhiteElo "2385"]
[BlackElo "2410"]
[WhiteFideId "13509926"]
[BlackFideId "14123622"]
[EventDate "2018.12.26"]

1. d4 d5 2. c4 e6 3. Nc3 Nf6 4. cxd5 exd5 5. Bg5 c6 6. e3 Nbd7 7. Bd3 Be7 8. Qc2
Nh5 9. Bxe7 Qxe7 10. O-O-O Nb6 11. h3 g6 12. Nf3 Be6 13. Kb1 O-O-O 14. Rc1 Kb8
15. Na4 Ng7 16. Nc5 Bf5 17. Bxf5 Nxf5 18. Ne5 Rc8 19. a4 f6 20. Ned3 Nd6 21. a5
Nbc4 22. Qa4 Qc7 23. a6 b6 24. Ne6 Qd7 25. Nef4 Nb5 26. b3 Nd2+ 27. Kb2 Rhe8 28.
Nb4 Ne4 29. Nfd3 Rc7 30. Rc2 Rec8 31. Rhc1 Ka8 32. Ka1 Ned6 33. Kb2 g5 34. g4
Kb8 35. f3 h6 36. Re1 Re8 37. Rce2 Qh7 38. Nc1 Qf7 39. Nc2 c5 40. dxc5 bxc5 41.
Rd1 f5 42. Na2 fxg4 43. fxg4 Kc8 44. Red2 c4 45. Rxd5 Re4 46. Kc1 cxb3 47. Qxb3
Rec4 48. R1d2 Qf1+ 49. Kb2 Qf6+ 50. Kb1 R7c6 51. Rxb5 Nxb5 52. Qd3 Qe7 53. Qf5+
Kc7 54. Nd4 Nxd4 55. exd4 Qe1+ 0-1

[Event "World Rapid Women 2018"]
[Site "St Petersburg RUS"]
[Date "2018.12.28"]
[Round "12.38"]
[White "Fominykh, Maria"]
[Black "Drozdova, Dina"]
[Result "1-0"]
[WhiteTitle "WGM"]
[BlackTitle "WIM"]
[WhiteElo "2259"]
[BlackElo "2178"]
[WhiteFideId "4142411"]
[BlackFideId "4170695"]
[EventDate "2018.12.26"]

1. Nf3 Nf6 2. b3 e6 3. Bb2 c5 4. e3 b6 5. d4 Bb7 6. Be2 Be7 7. O-O d6 8. c4 cxd4
9. Nxd4 a6 10. Nc3 Nbd7 11. Bf3 Qc7 12. Bxb7 Qxb7 13. Qf3 Qxf3 14. gxf3 Rc8 15.
Rfd1 Nc5 16. Rac1 Ncd7 17. Kf1 O-O 18. Ba3 Rfd8 19. Na4 Kf8 20. b4 Ne8 21. f4 g6
22. Ke2 h5 23. Rd2 Bf6 24. Rdc2 Bxd4 25. exd4 b5 26. Nb2 Ndf6 27. c5 Nd5 28. Nd3
Rc6 29. Bb2 Rdc8 30. Kd2 Nef6 31. f3 Ne8 32. Bc3 Ke7 33. a4 Nef6 34. axb5 axb5
35. Ra2 Nd7 36. Ra5 Rb8 37. Bb2 Rcc8 38. Ra7 Ra8 39. Rca1 Rxa7 40. Rxa7 Rc7 41.
Ra5 Nb8 42. Rxb5 Nc6 43. Kc2 f6 44. Kb3 h4 45. cxd6+ Kxd6 46. Rc5 Rb7 47. b5 Na7
48. Ba3 Kd7 49. Rxd5+ exd5 50. Nc5+ Kc7 51. Nxb7 Kxb7 52. Ka4 h3 53. Bc5 Nc8 54.
Ka5 f5 55. Kb4 Kc7 56. Ka5 Kb7 57. b6 Kc6 58. Ka6 Nxb6 59. Bxb6 Kd6 60. Kb5 Ke6
61. Kc6 1-0

[Event "World Rapid Women 2018"]
[Site "St Petersburg RUS"]
[Date "2018.12.28"]
[Round "12.40"]
[White "Komiagina, Maria"]
[Black "Vega Gutierrez, Sabrina"]
[Result "1/2-1/2"]
[WhiteTitle "WIM"]
[BlackTitle "IM"]
[WhiteElo "2234"]
[BlackElo "2390"]
[WhiteFideId "4153987"]
[BlackFideId "2219026"]
[EventDate "2018.12.26"]

1. e4 c5 2. Nf3 e6 3. d4 cxd4 4. Nxd4 Nc6 5. Nc3 a6 6. Nxc6 bxc6 7. Bd3 d5 8.
O-O Qc7 9. b3 Bd6 10. f4 Ne7 11. Kh1 O-O 12. Qe2 Bb7 13. Na4 dxe4 14. Bxe4 Nd5
15. g3 Nf6 16. Bg2 c5 17. Bb2 Bxg2+ 18. Qxg2 Nd5 19. Qe4 Be7 20. c4 Nf6 21. Qf3
Rad8 22. Rad1 Rxd1 23. Rxd1 Rd8 24. Rxd8+ Qxd8 25. Bxf6 gxf6 26. Qb7 Qd1+ 27.
Kg2 Qe2+ 28. Kg1 Bf8 29. Qc8 h5 30. Nb6 Kg7 31. Qd8 Qe1+ 32. Kg2 Qe4+ 33. Kf2 h4
34. Nd7 Qd4+ 35. Ke2 Qe4+ 36. Kf2 Qc2+ 37. Ke3 Qc3+ 38. Kf2 Qd2+ 39. Kf3 Qd1+
40. Kf2 Qd4+ 41. Kf3 Qd1+ 1/2-1/2